00480cam a2200169ua 45000010005000000080039000050200018000440400009000620410008000710820012000791000026000912450083001172500012002002600046002123000018002586530034002769637160311n ii |||gr||||Z||||||eng a9789384303464 cMAIN aeng a915.416 aSen, Sanjay,eAuthor.1 aTourism in Northeast India : bwith historical dimensions / cby Sanjay Sen .  a1st ed. aDibrugarh:bMahaveer publications,c2016. a344p.:eMaps. aGeography of & travel in Asia